Money and credit in a Keynesian model of income determination (Record no. 41929)

000 -LEADER
fixed length control field 01355pab a2200157 454500
008 - FIXED-LENGTH DATA ELEMENTS--GENERAL INFORMATION
fixed length control field 180718b1999 xxu||||| |||| 00| 0 eng d
100 ## - MAIN ENTRY--PERSONAL NAME
Personal name Godley, Wynne
245 ## - TITLE STATEMENT
Title Money and credit in a Keynesian model of income determination
260 ## - PUBLICATION, DISTRIBUTION, ETC.
Date of publication, distribution, etc. 1999
300 ## - PHYSICAL DESCRIPTION
Extent p.393-411
362 ## - DATES OF PUBLICATION AND/OR SEQUENTIAL DESIGNATION
Dates of publication and/or sequential designation Jul
520 ## - SUMMARY, ETC.
Summary, etc. This paper integrates the theory of money and credit derived ultimately from Wicksell into the Keynesian theory of income determination, with assets allocated according to Tobinesque principles. The model deployed has much in common with the modern `endogenous money' school initiated by Kaldor which emphasises the essential role played by credit in any real life economy, since production takes time and the future is always uncertain. New ground is broken methodologically because all the propositions are justified by simulations of a rigorous (60-equation) model, making it possible to pin down exactly why the results come out as they do. One conclusion of the paper is that there is no such thing as a supply of money distinct from the money which agents wish to hold, or find themselves holding. This finding is inimical, possibly in the end lethal, to the way macroeconomics is currently taught as well as to the neoclassical paradigm itself. - Reproduced
650 ## - SUBJECT ADDED ENTRY--TOPICAL TERM
Topical term or geographic name entry element Income
773 ## - HOST ITEM ENTRY
Main entry heading Cambridge Journal of Economics
909 ## -
-- 41929
Holdings
Withdrawn status Lost status Damaged status Not for loan Permanent Location Current Location Date acquired Serial Enumeration / chronology Barcode Date last seen Price effective from Koha item type
        Indian Institute of Public Administration Indian Institute of Public Administration 2018-07-19 Volume no: 23, Issue no: 4 AR42306 2018-07-19 2018-07-19 Articles

Powered by Koha